| 000 | 00358nam a2200133Ia 4500 | ||
|---|---|---|---|
| 005 | 20251222143219.0 | ||
| 008 | 251222s9999||||xx |||||||||||||| ||spa|| | ||
| 082 | _a726.709.866/P87 | ||
| 100 | _aProaƱo, Luis Octavio | ||
| 245 | 0 | _aHistoria de la Provincia Mercedaria de Quito Siglo Veinte | |
| 250 | _a1ra.ed. | ||
| 264 | _bOrden Mercedaria | ||
| 942 | _cLIB | ||
| 999 |
_c13760 _d13760 |
||